| 000 | 00828cam a2200193 4500 | ||
|---|---|---|---|
| 001 | WB3816-23 | ||
| 008 | 020430n2002 000 0 eng u | ||
| 035 | _a(Sirsi) u117767 | ||
| 245 | _aComplaints against agents rocket | ||
| 260 | _c2002 | ||
| 490 |
_aEstates Gazette _v(0217) 27 April 2002, 46(1) |
||
| 520 | _aThe Ombudsman for Estate Agent's annual report reveals that the number of complaints made against estate agents has risen from 4 466 in 2000 to 5 730 in 2001. However, most complaints were against non-member agents which prevented the Ombudsman from dealing with them. Ombudsman for Estate Agents at http://www.oea.co.uk. | ||
| 590 | _aWB | ||
| 650 | _aESTATE AGENTS | ||
| 650 | _aCOMPLAINTS | ||
| 650 | _aOMBUDSMAN FOR ESTATE AGENTS | ||
| 690 | _aPROPERTY AND LAND LAW-AGENCY-RESIDENTIAL | ||
| 942 | _n0 | ||
| 999 |
_c70119 _d70119 |
||